<?xml version="1.0" encoding="UTF-8"?>
<record
    xmlns:xsi="http://www.w3.org/2001/XMLSchema-instance"
    xsi:schemaLocation="http://www.loc.gov/MARC21/slim http://www.loc.gov/standards/marcxml/schema/MARC21slim.xsd"
    xmlns="http://www.loc.gov/MARC21/slim">

  <leader>02247    a2200253   4500</leader>
  <controlfield tag="001">29270</controlfield>
  <controlfield tag="005">20260407155601.0</controlfield>
  <controlfield tag="008">260407a1984    arg                 spa d</controlfield>
  <controlfield tag="003">AR-UNSa-BCEJYS</controlfield>
  <datafield tag="040" ind1=" " ind2=" ">
    <subfield code="a">AR-UNSa-BCEJYS</subfield>
    <subfield code="b">spa</subfield>
    <subfield code="c">AR-UNSa-BCEJYS</subfield>
  </datafield>
  <datafield tag="080" ind1=" " ind2=" ">
    <subfield code="a">340</subfield>
    <subfield code="x">Derecho. Generalidades. Proped&#xE9;utica. M&#xE9;todos y ciencias auxiliares del derecho</subfield>
  </datafield>
  <datafield tag="245" ind1="1" ind2="0">
    <subfield code="a">Introducci&#xF3;n al derecho</subfield>
    <subfield code="p">nociones preliminares, teor&#xED;a general, enciclopedia jur&#xED;dica, historia de las ideas</subfield>
  </datafield>
  <datafield tag="020" ind1=" " ind2=" ">
    <subfield code="a">950-20-0238-5</subfield>
  </datafield>
  <datafield tag="250" ind1=" " ind2=" ">
    <subfield code="a">12a. ed.</subfield>
  </datafield>
  <datafield tag="264" ind1=" " ind2="1">
    <subfield code="a">Buenos Aires :</subfield>
    <subfield code="b">Abeledo Perrot</subfield>
    <subfield code="c">1984</subfield>
  </datafield>
  <datafield tag="300" ind1=" " ind2=" ">
    <subfield code="a">893 p.</subfield>
    <subfield code="c">23 cm.</subfield>
  </datafield>
  <datafield tag="505" ind1=" " ind2=" ">
    <subfield code="a">1. El conocimiento cient&#xED;fico y filos&#xF3;fico. Los objetos y su clasificaci&#xF3;n. Los objetos de cultura. La conducta y los valores - 2. Objeto y m&#xE9;todo del conocimiento jur&#xED;dico - 3. Disciplinas que estudian el fen&#xF3;meno jur&#xED;dico - 4. Las normas jur&#xED;dicas - 5. El comportamiento humano (conducta) y su regulaci&#xF3;n normativa: t&#xE9;cnica y &#xE9;tica. Derecho y moral - 6. La valoraci&#xF3;n jur&#xED;dica. La justicia - 7. Los conceptos jur&#xED;dicos fundamentales. La positividad - 8. El ordenamiento jur&#xED;dico - 9. Derecho subjetivo - 10. Las fuentes del derecho. La Ley - 11. Las fuentes del derecho en particular (cont.). La costumbre y la jurisprudencia - 12. Transformaciones temporales del derecho. La t&#xE9;cnica jur&#xED;dica - 13. El m&#xE9;todo jur&#xED;dico y el problema de la interpretaci&#xF3;n - 14. Aplicaci&#xF3;n de la Ley en relaci&#xF3;n al territorio y al tiempo - 15. Derecho p&#xFA;blico y privado. Las ramas del derecho. El derecho internacional p&#xFA;blico. El derecho internacional privado - 16. Derecho pol&#xED;tico. Derecho constitucional. Derecho Administrativo. Derecho financiero - 17. El derecho penal. El derecho can&#xF3;nico - 18. Derecho civil y comercial - 19. Derecho social, derecho rural o agrario y derecho de miner&#xED;a - 20. Derecho procesal - 21. Historia del pensamiento juridico occidental hasta el siglo XIX - 22. Historia del pensamiento jur&#xED;dico occidental (continuaci&#xF3;n) - 23. Historia del pensamiento jur&#xED;dico occidental (continuaci&#xF3;n)</subfield>
  </datafield>
  <datafield tag="041" ind1=" " ind2=" ">
    <subfield code="a">spa</subfield>
  </datafield>
  <datafield tag="942" ind1=" " ind2=" ">
    <subfield code="c">BK</subfield>
  </datafield>
  <datafield tag="590" ind1=" " ind2=" ">
    <subfield code="a">niveau_biblio:m niveau_hierar:0</subfield>
  </datafield>
  <datafield tag="100" ind1="1" ind2=" ">
    <subfield code="a">Aftalion, Enrique R.</subfield>
  </datafield>
  <datafield tag="700" ind1="1" ind2=" ">
    <subfield code="a">Garc&#xED;a Olano, Fernando</subfield>
  </datafield>
  <datafield tag="700" ind1="1" ind2=" ">
    <subfield code="a">Vilanova, Jos&#xE9;</subfield>
  </datafield>
  <datafield tag="999" ind1=" " ind2=" ">
    <subfield code="c">1822</subfield>
    <subfield code="d">1822</subfield>
  </datafield>
  <datafield tag="952" ind1=" " ind2=" ">
    <subfield code="0">0</subfield>
    <subfield code="1">0</subfield>
    <subfield code="4">0</subfield>
    <subfield code="7">0</subfield>
    <subfield code="a">BCEJYS</subfield>
    <subfield code="b">BCEJYS</subfield>
    <subfield code="c">16</subfield>
    <subfield code="d">2026-04-07</subfield>
    <subfield code="l">0</subfield>
    <subfield code="o">340 A258 12ed.</subfield>
    <subfield code="p">L39174</subfield>
    <subfield code="r">2026-04-07 15:56:01</subfield>
    <subfield code="w">2026-04-07</subfield>
    <subfield code="y">L</subfield>
  </datafield>
  <datafield tag="952" ind1=" " ind2=" ">
    <subfield code="0">0</subfield>
    <subfield code="1">0</subfield>
    <subfield code="4">0</subfield>
    <subfield code="7">0</subfield>
    <subfield code="a">BCEJYS</subfield>
    <subfield code="b">BCEJYS</subfield>
    <subfield code="c">16</subfield>
    <subfield code="d">2026-04-07</subfield>
    <subfield code="l">0</subfield>
    <subfield code="o">340 A258 12ed.</subfield>
    <subfield code="p">L39170</subfield>
    <subfield code="r">2026-04-07 15:56:01</subfield>
    <subfield code="w">2026-04-07</subfield>
    <subfield code="y">L</subfield>
  </datafield>
  <datafield tag="952" ind1=" " ind2=" ">
    <subfield code="0">0</subfield>
    <subfield code="1">0</subfield>
    <subfield code="4">0</subfield>
    <subfield code="7">0</subfield>
    <subfield code="a">BCEJYS</subfield>
    <subfield code="b">BCEJYS</subfield>
    <subfield code="c">16</subfield>
    <subfield code="d">2026-04-07</subfield>
    <subfield code="l">0</subfield>
    <subfield code="o">340 A258 12ed.</subfield>
    <subfield code="p">L39171</subfield>
    <subfield code="r">2026-04-07 15:56:01</subfield>
    <subfield code="w">2026-04-07</subfield>
    <subfield code="y">L</subfield>
  </datafield>
  <datafield tag="952" ind1=" " ind2=" ">
    <subfield code="0">0</subfield>
    <subfield code="1">0</subfield>
    <subfield code="4">0</subfield>
    <subfield code="7">0</subfield>
    <subfield code="a">BCEJYS</subfield>
    <subfield code="b">BCEJYS</subfield>
    <subfield code="c">16</subfield>
    <subfield code="d">2026-04-07</subfield>
    <subfield code="l">0</subfield>
    <subfield code="o">340 A258 12ed.</subfield>
    <subfield code="p">L39175</subfield>
    <subfield code="r">2026-04-07 15:56:01</subfield>
    <subfield code="w">2026-04-07</subfield>
    <subfield code="y">L</subfield>
  </datafield>
  <datafield tag="952" ind1=" " ind2=" ">
    <subfield code="0">0</subfield>
    <subfield code="1">0</subfield>
    <subfield code="4">0</subfield>
    <subfield code="7">0</subfield>
    <subfield code="a">BCEJYS</subfield>
    <subfield code="b">BCEJYS</subfield>
    <subfield code="c">16</subfield>
    <subfield code="d">2026-04-07</subfield>
    <subfield code="l">0</subfield>
    <subfield code="o">340 A258 12ed.</subfield>
    <subfield code="p">L39172</subfield>
    <subfield code="r">2026-04-07 15:56:01</subfield>
    <subfield code="w">2026-04-07</subfield>
    <subfield code="y">L</subfield>
  </datafield>
</record>
